International Natural Rubber Conference: Preprints of Papers, 13-14 November 2006, Ho Chi Minch City, Vietnam (Record no. 44267)

MARC details
000 -LEADER
fixed length control field 00652nam a2200193Ia 4500
082 ## - DEWEY DECIMAL CLASSIFICATION NUMBER
Classification number NR:063IR 2006
Item number INR
245 #0 - TITLE STATEMENT
Title International Natural Rubber Conference: Preprints of Papers, 13-14 November 2006, Ho Chi Minch City, Vietnam
260 ## - PUBLICATION, DISTRIBUTION, ETC. (IMPRINT)
Place of publication Vietnam
Name of publisher RRIV
Year of publication 2006
650 ## - SUBJECT ADDED ENTRY--TOPICAL TERM
Topical Term Crop physiology
650 ## - SUBJECT ADDED ENTRY--TOPICAL TERM
Topical Term Ethephon induced specific proteins
650 ## - SUBJECT ADDED ENTRY--TOPICAL TERM
Topical Term Ethylene gas stimulation
650 ## - SUBJECT ADDED ENTRY--TOPICAL TERM
Topical Term Panel manageemnt
650 ## - SUBJECT ADDED ENTRY--TOPICAL TERM
Topical Term Rubber based agroforestry systems
650 ## - SUBJECT ADDED ENTRY--TOPICAL TERM
Topical Term Rubber cropping systems
650 ## - SUBJECT ADDED ENTRY--TOPICAL TERM
Topical Term Rubber effluent treatments
650 ## - SUBJECT ADDED ENTRY--TOPICAL TERM
Topical Term Tapping panel dryness
942 ## - ADDED ENTRY ELEMENTS (KOHA)
Koha item type Books
Holdings
Withdrawn status Lost status Damaged status Not for loan Home library Current library Date acquired Source of acquisition Full call number Accession Number Koha item type
        RRII Library RRII Library 16/12/2021 Gift NR:063IR 2006 INR G01014 Books